• 首页
  • 本馆介绍
  • 公告通知
  • 最新文献
  • 馆藏检索
  • 电子资源
  • 读者导购
  • 参考咨询
  • 我的图书馆
  • 登录
  • 详细信息显示
  • 放入我的书架
  • 预约/预借图书
  • 作者相关作品
  • 分类相关作品
  • 丛书相关作品
  • 出版社相关作品

书目信息

  • 表格格式
  • 工作单格式
  • 卡片格式
题名:
从冲突到秩序
    
 
作者: 杨波 著
分册:  
出版信息: 北京   中国社会出版社  2006
页数: 14,295页
开本: 24cm
丛书名:
单 册:
中图分类: F299.233.3
科图分类:
主题词: 社区--物业管理--研究--中国 , 社区 , 物业管理
电子资源:
ISBN: 7-5087-0961-6
000 01089nam0 2200277 450
001 1257639109
005 20121004160131.37
010    @a7-5087-0961-6@dCNY29.80
100    @a20070228d2006 em y0chiy50 ea
101 0  @achi
102    @aCN@b110000
105    @ay z 000yy
200 1  @a从冲突到秩序@Acong chong tu dao zhi xu@e和谐社区建设中的业主委员会@f杨波著
210    @a北京@c中国社会出版社@d2006
215    @a14,295页@d24cm
312    @a封面英文题名:From conflict to order
330    @a本书在深入调查的基础上,从宪政和法律、集体行动、行动方式和操作性规则,以及非正式规则四个方面,运用制度分析方法,对业主委员会运行进行“从冲突到秩序”的规范性分析,并深入分析了形成和谐秩序的自下而上和自上而下两种路径。
510 1  @aFrom conflict to order@zeng
517 1  @a和谐社区建设中的业主委员会@Ahe xie she qu jian she zhong de ye zhu wei yuan hui
606 0  @a社区@x物业管理@x研究@y中国
606 0  @a社区
606 0  @a物业管理
690    @aF299.233.3@v4
701  0 @a杨波@Ayang bo@c(公共管理,@f1976~)@4著
801  0 @aCN@bNLC@c20101222
905    @a10447@dF299.233.3@eJY113
    
    从冲突到秩序:和谐社区建设中的业主委员会/杨波著.-北京:中国社会出版社,2006
    14,295页;24cm
    
    
    ISBN 7-5087-0961-6:CNY29.80
    本书在深入调查的基础上,从宪政和法律、集体行动、行动方式和操作性规则,以及非正式规则四个方面,运用制度分析方法,对业主委员会运行进行“从冲突到秩序”的规范性分析,并深入分析了形成和谐秩序的自下而上和自上而下两种路径。
●
相关链接 在E读中查询图书 在五车中查询图书 在当当中查询图书 在豆瓣中查询图书


正题名:从冲突到秩序     索取号:F299.233.3/JY113         预约/预借

序号 登录号 条形码 馆藏地/架位号 状态 备注
1 7813735   278137357   学院路分馆/ [索取号:F299.233.3/JY113] 在馆    
2 7813736   278137366   学院路分馆/ [索取号:F299.233.3/JY113] 在馆    
唐山师范学院图书馆 欢迎您!
大连网信软件有限公司© 版权所有